LEADER 01131nam a2200277 4500 001 000000357181 003 CaOOAMICUS 005 20240326161444.0 008 240214s2023 it 000 u ita r 020 $a978-88-17-18316-1 040 $aSeMil$bita 100 1 $aSallusti, Alessandro,$d<1957- >.$0(OLS)http://semarc/name/119168 245 13$aLa versione di Giorgia /$cAlessandro Sallusti intervista Giorgia Meloni. 264 1$a[Milano] :$bRizzoli,$c2023. 300 $a267 p. ;$c22 cm 541 0 $aOmaggio mons. Mario Delpini (3M III 321) 650 4$aPolitica - Italia - Interviste.$0(OLS)http://semarc/subject/55251 700 1 $aMeloni, Giorgia,$d<1977- >.$0(OLS)http://semarc/name/119169 850 $aSeMil 852 $aSeMil$W1$xVenegono$y1$m3M III 321$j247065$B248367$CSeMilBibl$Z2$F248367 $81 941 1 $a7 961 $aOmaggio mons. Mario Delpini 996 $6020$a978-88-17-18316-1$9(OLS)http://semarc/number/299804 996 $6245$aLa versione di Giorgia$9(OLS)http://semarc/title/447415 996 $6264$a[Milano] :$bRizzoli$9(OLS)http://semarc/publisher/60651 LEADER 01084nam a2200229 i 4500 001 000000231753 003 CaOOAMICUS 005 20140811000000.0 008 140811s1731 it u000 u lat u 013 $a210656 026 $ai.ea ureo a-is neOb (3) 1731 (R) 040 $aSeMil$bita 245 10$aTomus 2. 300 $a[4], 452 p. 500 $aSegn. : pigreco2 A-3I4 3K6. 500 $aMarca editoriale: Un sole e una stella che risplendono. Motto: Venturo redde diem (Repertorio consultato: Delalain-Marques, BNF). 773 0 $aCalmet, Augustin $tSupplementum ad dictionarium historicum, criticum, chronologicum, geographicum, et literale sacrae scripturae, authore r.p.d. Augustino Calmet ... Opus Gallice primum ab authore, nunc vero Latinis literis traditum a Joanne Dominico Mansi.$dLucae : Typis Leonardi Venturini, 1731.$g2$w()30293 850 $aSeMil 852 $aSeMil$W1$xVenegono$y1$m2V VI 25 FA$j182099$B182099$CSeMilBibl$Z2$F193139 $8I 941 1 $a10 961 $aRecupero: Mantegazza 996 $6245$aTomus 2$9(OLS)http://semarc/title/93022